[Event "Tamil Nadu IM 26th"]
[Site "Coimbatore"]
[Date "2024.09.03"]
[Round "7"]
[White "Rohit, S3."]
[Black "Harshad, S."]
[Result "1/2-1/2"]
[WhiteElo "2311"]
[BlackElo "2275"]
[PlyCount "68"]
[EventDate "2024.08.30"]
[EventType "tourn"]
[EventRounds "9"]
[EventCountry "IND"]
[EventCategory "2"]
[SourceTitle "EXT 2025"]
[Source "ChessBase"]
[SourceDate "2024.10.14"]
[SourceVersion "1"]
[SourceVersionDate "2024.10.14"]
[SourceQuality "1"]

1. e4 e5 2. Nf3 Nc6 3. Bb5 Nf6 4. d3 Bc5 5. Bxc6 dxc6 6. 0-0 Nd7 7. c3 0-0 8. d4 Bd6 9. Bg5 f6 10. Bh4 Qe7 11. Nbd2 Qf7 12. Qe2 b6 13. Rfe1 Re8 14. Nc4 Bf8 15. b3 Ba6 16. Nfd2 exd4 17. cxd4 c5 18. d5 c6 19. dxc6 Nb8 20. c7 Qxc7 21. Bg3 Qf7 22. Bxb8 Raxb8 23. Rac1 Rbd8 24. Nf3 Qe6 25. a4 Bd6 26. Rc3 Bc7 27. Qc2 Bxc4 28. Rxc4 Be5 29. Rd1 Rd6 30. Rxd6 Qxd6 31. g3 Rd8 32. Kg2 a5 33. Nxe5 Qxe5 34. Rc3 Rd4 1/2-1/2

[Event "Tamil Nadu IM 26th"]
[Site "Coimbatore"]
[Date "2024.08.31"]
[Round "3"]
[White "Borgaonkar, Akshay"]
[Black "Harshad, S."]
[Result "1/2-1/2"]
[WhiteElo "2412"]
[BlackElo "2275"]
[PlyCount "47"]
[EventDate "2024.08.30"]
[EventType "tourn"]
[EventRounds "9"]
[EventCountry "IND"]
[EventCategory "2"]
[SourceTitle "EXT 2025"]
[Source "ChessBase"]
[SourceDate "2024.10.14"]
[SourceVersion "1"]
[SourceVersionDate "2024.10.14"]
[SourceQuality "1"]

1. e4 e5 2. Nf3 Nc6 3. Bb5 Nf6 4. 0-0 Nxe4 5. Re1 Nd6 6. Nxe5 Nxe5 7. Rxe5+ Be7 8. Bf1 0-0 9. d4 Bf6 10. Re1 Nf5 11. d5 d6 12. Nd2 h6 13. c3 Bd7 14. Bd3 Bg5 15. Nf3 Bxc1 16. Rxc1 Qf6 17. Qb3 Rab8 18. Re4 Ne7 19. Rce1 Ng6 20. R4e3 Nf4 21. Bf1 Ng6 22. Bd3 Nf4 23. Bf1 Ng6 24. Bd3 1/2-1/2

[Event "Tamil Nadu IM 25th"]
[Site "Chennai"]
[Date "2024.08.25"]
[Round "5"]
[White "Annageldyev, Orazly"]
[Black "Harshad, S."]
[Result "1/2-1/2"]
[WhiteElo "2271"]
[BlackElo "2275"]
[PlyCount "62"]
[EventDate "2024.08.22"]
[EventType "tourn"]
[EventRounds "9"]
[EventCountry "IND"]
[EventCategory "1"]
[SourceTitle "CBM 221 Extra"]
[Source "ChessBase"]
[SourceDate "2024.09.30"]
[SourceVersion "1"]
[SourceVersionDate "2024.09.30"]
[SourceQuality "1"]

1. d4 Nf6 2. Nf3 d5 3. g3 e6 4. Bg2 Be7 5. 0-0 Ne4 6. Nbd2 f5 7. Ne5 0-0 8. Nxe4 fxe4 9. f3 exf3 10. Nxf3 c5 11. c3 Nc6 12. Be3 cxd4 13. cxd4 Qb6 14. Qd2 Bd7 15. Rad1 Rac8 16. Rc1 Qa6 17. a3 Bf6 18. Bg5 Qb6 19. Bxf6 Rxf6 20. e3 h6 21. Ne5 Rxf1+ 22. Bxf1 Nxe5 23. Rxc8+ Bxc8 24. dxe5 a5 25. Qc3 Bd7 26. Kf2 Kf7 27. Ke1 Bc6 28. Be2 Qd8 29. Kd2 a4 30. Bh5+ Kg8 31. Bg4 Kf7 1/2-1/2

[Event "Tamil Nadu IM 22nd"]
[Site "Chennai"]
[Date "2024.08.02"]
[Round "7"]
[White "Harshad, S."]
[Black "Daaevik, Wadhawan"]
[Result "1/2-1/2"]
[WhiteElo "2275"]
[BlackElo "2324"]
[PlyCount "60"]
[EventDate "2024.07.29"]
[EventType "tourn"]
[EventRounds "9"]
[EventCountry "IND"]
[EventCategory "2"]
[SourceTitle "CBM 221 Extra"]
[Source "ChessBase"]
[SourceDate "2024.09.30"]
[SourceVersion "1"]
[SourceVersionDate "2024.09.30"]
[SourceQuality "1"]

1. e4 c6 2. d4 d5 3. e5 c5 4. Nf3 cxd4 5. Qxd4 Nc6 6. Qf4 e6 7. Nc3 Nb4 8. Qd2 f6 9. Bb5+ Nc6 10. 0-0 a6 11. Bxc6+ bxc6 12. Re1 Ne7 13. Ne2 Kf7 14. Nf4 Ng6 15. c4 a5 16. Nxg6 hxg6 17. Qf4 Rh5 18. cxd5 cxd5 19. Bd2 Rf5 20. Qd4 Bd7 21. Rac1 Rb8 22. Qa7 Ra8 23. Qd4 Rb8 24. Nh4 fxe5 25. Rxe5 Rxe5 26. Qxe5 Be7 27. Qf4+ Bf6 28. Nf3 Rxb2 29. a3 Kg8 30. Qd6 Qe8 1/2-1/2

[Event "Tamil Nadu IM 22nd"]
[Site "Chennai"]
[Date "2024.07.30"]
[Round "3"]
[White "Harshad, S."]
[Black "Nandish, VS."]
[Result "1-0"]
[WhiteElo "2275"]
[BlackElo "2185"]
[PlyCount "111"]
[EventDate "2024.07.29"]
[EventType "tourn"]
[EventRounds "9"]
[EventCountry "IND"]
[EventCategory "2"]
[SourceTitle "CBM 221 Extra"]
[Source "ChessBase"]
[SourceDate "2024.09.30"]
[SourceVersion "1"]
[SourceVersionDate "2024.09.30"]
[SourceQuality "1"]

1. e4 c5 2. Nf3 d6 3. d4 cxd4 4. Nxd4 Nf6 5. Nc3 Nc6 6. Bg5 e6 7. Qd3 Be7 8. 0-0-0 0-0 9. f4 Qb6 10. Kb1 Bd7 11. Ndb5 Rfd8 12. Nxd6 Bxd6 13. Bxf6 Be7 14. Bxe7 Nxe7 15. Qd4 Qa5 16. Be2 Rac8 17. a3 Bc6 18. Qe3 Re8 19. h4 b5 20. h5 h6 21. g4 Rb8 22. Qc5 Qb6 23. Qxb6 Rxb6 24. Rd6 Rbb8 25. Rhd1 Rec8 26. b4 Kf8 27. Kb2 Ng8 28. g5 a6 29. Bg4 Ke7 30. e5 Rc7 31. g6 f5 32. exf6+ Nxf6 33. Rxe6+ Kf8 34. Be2 Rbc8 35. Re3 Bd7 36. Rd6 Bf5 37. Rxa6 Ne4 38. Nxe4 Rxc2+ 39. Kb3 Bxe4 40. Bxb5 Bd5+ 41. Ka4 Rh2 42. Re5 Ba2 43. Ka5 Rh3 44. a4 Rf3 45. Rf5+ Kg8 46. Bc6 Rd3 47. Ra8 Rxa8+ 48. Bxa8 Be6 49. Re5 Rd6 50. b5 Kh8 51. Be4 Bg8 52. b6 Rd8 53. b7 Ra8+ 54. bxa8N Bf7 55. gxf7 g5 56. f8Q# 1-0

[Event "Chess.com Speed Play In"]
[Site "Chess.com INT"]
[Date "2024.06.27"]
[Round "4"]
[White "Harshad, S."]
[Black "Andreikin, Dmitry"]
[Result "0-1"]
[WhiteElo "2272"]
[BlackElo "2729"]
[PlyCount "56"]
[EventDate "2024.06.27"]
[EventType "swiss (blitz)"]
[EventRounds "11"]
[EventCountry "USA"]
[SourceTitle "CBM 220 Extra"]
[Source "ChessBase"]
[SourceDate "2024.07.31"]
[SourceVersion "1"]
[SourceVersionDate "2024.07.31"]
[SourceQuality "1"]

1. e4 c5 2. Nf3 Nc6 3. d4 cxd4 4. Nxd4 e5 5. Nb5 d6 6. c4 g6 7. N1c3 a6 8. Na3 Be6 9. Be2 Bg7 10. 0-0 Rc8 11. Nc2 Nf6 12. Ne3 Nd4 13. Bd3 h5 14. Bd2 h4 15. h3 Bh6 16. Ned5 Bxd2 17. Qxd2 Nxd5 18. exd5 Bxh3 19. f4 Bg4 20. fxe5 h3 21. Qf4 Nf5 22. Qxg4 Qb6+ 23. Rf2 h2+ 24. Kh1 Qxf2 25. Bxf5 Qxf5 26. Qg3 Rxc4 27. Re1 Rf4 28. exd6+ Kd8 0-1

[Event "Chess.com Speed Play In"]
[Site "Chess.com INT"]
[Date "2024.06.27"]
[Round "2"]
[White "Harshad, S."]
[Black "Bortnyk, Olexandr"]
[Result "0-1"]
[WhiteElo "2272"]
[BlackElo "2608"]
[PlyCount "92"]
[EventDate "2024.06.27"]
[EventType "swiss (blitz)"]
[EventRounds "11"]
[EventCountry "USA"]
[SourceTitle "CBM 220 Extra"]
[Source "ChessBase"]
[SourceDate "2024.07.31"]
[SourceVersion "1"]
[SourceVersionDate "2024.07.31"]
[SourceQuality "1"]

1. e4 Nf6 2. e5 Nd5 3. d4 d6 4. c4 Nb6 5. f4 dxe5 6. fxe5 Bf5 7. Nc3 e6 8. Be3 Bb4 9. Nf3 c5 10. Be2 Nc6 11. 0-0 cxd4 12. Nxd4 Nxd4 13. Qxd4 0-0 14. a3 Be7 15. Rad1 Qxd4 16. Bxd4 Rfc8 17. b3 Bxa3 18. Nb5 Bc5 19. Bxc5 Rxc5 20. Ra1 Bc2 21. Rf3 Rxe5 22. Kf2 Nd7 23. Rxa7 Rxa7 24. Nxa7 Nc5 25. b4 Ne4+ 26. Ke1 f5 27. Nb5 Ba4 28. Nd4 Nd6 29. c5 Nb5 30. Rd3 Nxd4 31. Rxd4 Bb5 32. Rd2 Kf7 33. Kf2 Rxe2+ 34. Rxe2 Bxe2 35. Kxe2 e5 36. Kd3 Ke6 37. Kc4 g5 38. b5 e4 39. Kd4 h5 40. g3 h4 41. Kc4 e3 42. Kd3 f4 43. gxf4 gxf4 44. Ke2 Kd5 45. c6 bxc6 46. b6 Kd6 0-1

[Event "Chess.com Speed Play In"]
[Site "Chess.com INT"]
[Date "2024.06.27"]
[Round "8"]
[White "Harshad, S."]
[Black "Pranav, Anand"]
[Result "0-1"]
[WhiteElo "2272"]
[BlackElo "2540"]
[PlyCount "68"]
[EventDate "2024.06.27"]
[EventType "swiss (blitz)"]
[EventRounds "11"]
[EventCountry "USA"]
[SourceTitle "CBM 220 Extra"]
[Source "ChessBase"]
[SourceDate "2024.07.31"]
[SourceVersion "1"]
[SourceVersionDate "2024.07.31"]
[SourceQuality "1"]

1. e4 c5 2. Nf3 Nc6 3. d4 cxd4 4. Nxd4 Nf6 5. Nc3 d6 6. Bg5 e6 7. Qd2 a6 8. 0-0-0 Be7 9. Kb1 Bd7 10. f3 Nxd4 11. Qxd4 b5 12. Qd2 Qc7 13. h4 Rb8 14. Ne2 h6 15. Be3 h5 16. Bg5 b4 17. Rc1 a5 18. c4 bxc3 19. Nxc3 Qb7 20. Bd3 a4 21. Ka1 0-0 22. a3 Rfc8 23. Ne2 Rd8 24. Bb1 Qb6 25. Be3 Qb7 26. Bg5 Be8 27. Nd4 Qb6 28. g4 hxg4 29. fxg4 Rb7 30. h5 Rdb8 31. Rh2 Nxg4 32. Rg2 Bxg5 33. Qxg5 Qxd4 34. Qxg4 Rxb2 0-1

[Event "Chess.com Speed Play In"]
[Site "Chess.com INT"]
[Date "2024.06.27"]
[Round "3"]
[White "Musovic, Armin"]
[Black "Harshad, S."]
[Result "0-1"]
[WhiteElo "2223"]
[BlackElo "2272"]
[PlyCount "128"]
[EventDate "2024.06.27"]
[EventType "swiss (blitz)"]
[EventRounds "11"]
[EventCountry "USA"]
[SourceTitle "CBM 220 Extra"]
[Source "ChessBase"]
[SourceDate "2024.07.31"]
[SourceVersion "1"]
[SourceVersionDate "2024.07.31"]
[SourceQuality "1"]

1. e4 d6 2. d4 Nf6 3. Nc3 e6 4. h3 Nc6 5. a3 Be7 6. Nf3 d5 7. Bd3 dxe4 8. Nxe4 0-0 9. c3 b6 10. Nxf6+ Bxf6 11. Be4 Bb7 12. Qc2 g6 13. h4 Na5 14. h5 Bxe4 15. Qxe4 Qd5 16. Qg4 Qf5 17. Qxf5 exf5 18. Bg5 Rfe8+ 19. Kf1 Bxg5 20. Nxg5 Nb3 21. Rd1 f6 22. Nf3 g5 23. Nd2 Na5 24. Re1 Kf7 25. Rh3 f4 26. Rd3 h6 27. g3 fxg3 28. fxg3 Nb7 29. Rde3 Rxe3 30. Rxe3 Nd6 31. g4 a5 32. Ke2 a4 33. Kd3 Ra5 34. c4 f5 35. Rf3 Ke7 36. gxf5 Rxf5 37. Ke3 Ke6 38. Ke2 Rxf3 39. Kxf3 Kf5 40. c5 g4+ 41. Kg3 bxc5 42. dxc5 Nb7 43. b3 Nxc5 44. bxa4 Nxa4 45. Nc4 Kg5 46. Ne5 Kxh5 47. Nxg4 Kg5 48. Ne3 h5 49. Nd5 c5 50. Ne3 Nb2 51. Kf3 h4 52. Kg2 c4 53. Nxc4 Nxc4 54. a4 Na5 55. Kh3 Kh5 56. Kh2 Kg4 57. Kg2 h3+ 58. Kh2 Kh4 59. Kh1 Kg3 60. Kg1 Nc4 61. Kh1 h2 62. a5 Nd2 63. a6 Ne4 64. a7 Nf2# 0-1

[Event "Wch U20 61st"]
[Site "Gandhinagar"]
[Date "2024.06.07"]
[Round "6"]
[White "Borkhetariya Devarsh, M."]
[Black "Harshad, S."]
[Result "1/2-1/2"]
[WhiteElo "1864"]
[BlackElo "2272"]
[PlyCount "59"]
[EventDate "2024.06.02"]
[EventType "swiss"]
[EventRounds "11"]
[EventCountry "IND"]
[SourceTitle "CBM 220 Extra"]
[Source "ChessBase"]
[SourceDate "2024.07.31"]
[SourceVersion "1"]
[SourceVersionDate "2024.07.31"]
[SourceQuality "1"]

1. e4 c5 2. Nf3 d6 3. d4 cxd4 4. Nxd4 Nf6 5. Nc3 Nc6 6. Bg5 Bd7 7. Bxf6 gxf6 8. Nxc6 bxc6 9. Bc4 Qa5 10. Qe2 h5 11. 0-0-0 Rb8 12. Bb3 Qc5 13. h3 Bh6+ 14. Kb1 h4 15. Rhe1 a5 16. e5 fxe5 17. Qh5 Kd8 18. Qxf7 Re8 19. Ne4 Qb6 20. Nxd6 exd6 21. Rxd6 Re7 22. Qf6 Bg7 23. Rxd7+ Kxd7 24. Rd1+ Ke8 25. Qg6+ Kf8 26. Qf5+ Ke8 27. Qg6+ Kf8 28. Qf5+ Ke8 29. Qh5+ Kf8 30. Qf5+ 1/2-1/2

[Event "Wch U20 61st"]
[Site "Gandhinagar"]
[Date "2024.06.06"]
[Round "5"]
[White "Harshad, S."]
[Black "Gharibyan, Mamikon"]
[Result "0-1"]
[WhiteElo "2272"]
[BlackElo "2492"]
[PlyCount "138"]
[EventDate "2024.06.02"]
[EventType "swiss"]
[EventRounds "11"]
[EventCountry "IND"]
[SourceTitle "CBM 220 Extra"]
[Source "ChessBase"]
[SourceDate "2024.07.31"]
[SourceVersion "1"]
[SourceVersionDate "2024.07.31"]
[SourceQuality "1"]

1. e4 e5 2. Nf3 Nc6 3. Nc3 Nf6 4. a4 Bb4 5. Bd3 0-0 6. 0-0 Re8 7. Re1 Bc5 8. Nd5 d6 9. c3 a6 10. Bc2 h6 11. d4 Ba7 12. dxe5 Nxe5 13. Nxe5 dxe5 14. Be3 Be6 15. Bxa7 Rxa7 16. Nxf6+ Qxf6 17. Qe2 a5 18. Bd3 Rd8 19. Red1 Raa8 20. Bc4 c6 21. Bxe6 Qxe6 22. Rd3 Rd6 23. Rxd6 Rc8 24. Rd8+ Rxd8 25. Rd1 Rxd1+ 26. Qxd1 Qa2 27. b3 b5 28. g3 Kh7 29. Kg2 bxa4 30. bxa4 Qc4 31. Qc2 h5 32. f4 f6 33. Kf2 Kg6 34. f5+ Kf7 35. Qd1 Ke7 36. Qxh5 Qxe4 37. Qh7 Qc2+ 38. Kg1 Qd1+ 39. Kg2 Kf7 40. Kh3 Qf1+ 41. Kh4 Qc4+ 42. Kh3 Qf1+ 43. Kh4 Qg2 44. Kg4 Qe2+ 45. Kh3 e4 46. Qg6+ Kf8 47. Qh7 Qf1+ 48. Kh4 e3 49. Qh8+ Kf7 50. Qh5+ Ke7 51. Qg4 Kf8 52. Qd4 Qxf5 53. Qxe3 Kf7 54. g4 Qc2 55. Kg3 Qxa4 56. Qa7+ Kg6 57. Qe3 Kf7 58. Qa7+ Kg8 59. Qd7 Qb5 60. Qe8+ Kh7 61. Qe4+ Kh6 62. Kh3 Qd5 63. Qe3+ g5 64. Qf2 Qd3+ 65. Kg2 Qe4+ 66. Kh3 Kg6 67. c4 a4 68. c5 a3 69. Qf1 a2 0-1

[Event "Hanoi GM 05"]
[Site "Hanoi"]
[Date "2024.05.26"]
[Round "9"]
[White "Lou, Yiping"]
[Black "Harshad, S."]
[Result "1-0"]
[WhiteElo "2454"]
[BlackElo "2247"]
[PlyCount "102"]
[EventDate "2024.05.21"]
[EventType "tourn"]
[EventRounds "9"]
[EventCountry "VIE"]
[EventCategory "6"]
[SourceTitle "CBM 220 Extra"]
[Source "ChessBase"]
[SourceDate "2024.07.31"]
[SourceVersion "1"]
[SourceVersionDate "2024.07.31"]
[SourceQuality "1"]

1. e4 c5 2. Nf3 e6 3. d4 cxd4 4. Nxd4 Nf6 5. Nc3 Nc6 6. a3 Be7 7. Be3 d5 8. Bb5 Bd7 9. exd5 exd5 10. 0-0 0-0 11. Re1 Rc8 12. Bd3 Nxd4 13. Bxd4 Bc5 14. Bxc5 Rxc5 15. Qd2 Qb6 16. Qe3 Rfc8 17. Rab1 R5c6 18. Qxb6 Rxb6 19. Ne2 Bb5 20. Bxb5 Rxb5 21. Nd4 Rb6 22. f3 Kf8 23. b3 Nd7 24. Re3 Nb8 25. Rd1 g6 26. Rd2 Nc6 27. Rc3 Ne7 28. Rcd3 a6 29. Kf2 Rd6 30. Ke1 Rcd8 31. Rc3 Rc8 32. Re3 Nc6 33. Ne2 Rcd8 34. Nf4 Ne7 35. g4 Rf6 36. Ne2 Nc6 37. Kf2 Rfd6 38. Nf4 Ne7 39. Rc3 Rc6 40. Rxc6 bxc6 41. Nd3 Rb8 42. Re2 Ke8 43. Ke3 f6 44. Kd4 a5 45. a4 Kd7 46. Nc5+ Ke8 47. Re6 Rb4+ 48. Ke3 Kf7 49. Rd6 h5 50. h3 hxg4 51. Rd7 f5 1-0

[Event "Hanoi GM 05"]
[Site "Hanoi"]
[Date "2024.05.23"]
[Round "5"]
[White "Harshad, S."]
[Black "Aditya, Varun Gampa"]
[Result "1-0"]
[WhiteElo "2247"]
[BlackElo "2325"]
[PlyCount "61"]
[EventDate "2024.05.21"]
[EventType "tourn"]
[EventRounds "9"]
[EventCountry "VIE"]
[EventCategory "6"]
[SourceTitle "CBM 220 Extra"]
[Source "ChessBase"]
[SourceDate "2024.07.31"]
[SourceVersion "1"]
[SourceVersionDate "2024.07.31"]
[SourceQuality "1"]

1. e4 c5 2. Nf3 Nf6 3. Nc3 d5 4. e5 Nfd7 5. d4 e6 6. Ne2 cxd4 7. Nexd4 Nc6 8. Nxc6 bxc6 9. Bd3 Qc7 10. Bf4 Rb8 11. Qc1 h6 12. h4 g6 13. 0-0 g5 14. hxg5 hxg5 15. Bg3 g4 16. Ng5 Nxe5 17. Qf4 Bd6 18. Qf6 Rh5 19. Nh7 Nd7 20. Qh8+ Ke7 21. Qg7 Bxg3 22. fxg3 Qb6+ 23. Rf2 Rh1+ 24. Kxh1 Qxf2 25. Kh2 Nf6 26. Qf8+ Kd7 27. Qxf7+ Kd6 28. Nxf6 Qd4 29. Ne8+ Kc5 30. Qxa7+ Rb6 31. Qe7# 1-0

[Event "Hanoi GM 05"]
[Site "Hanoi"]
[Date "2024.05.21"]
[Round "2"]
[White "Gomez, John Paul"]
[Black "Harshad, S."]
[Result "1-0"]
[WhiteElo "2415"]
[BlackElo "2247"]
[PlyCount "107"]
[EventDate "2024.05.21"]
[EventType "tourn"]
[EventRounds "9"]
[EventCountry "VIE"]
[EventCategory "6"]
[SourceTitle "CBM 220 Extra"]
[Source "ChessBase"]
[SourceDate "2024.07.31"]
[SourceVersion "1"]
[SourceVersionDate "2024.07.31"]
[SourceQuality "1"]

1. e4 c5 2. Nf3 d6 3. Bb5+ Bd7 4. Bxd7+ Qxd7 5. 0-0 Nc6 6. c3 d5 7. d3 Rd8 8. e5 e6 9. Bf4 Nge7 10. Re1 h6 11. h3 g5 12. Bh2 Ng6 13. Nbd2 Bg7 14. Nf1 0-0 15. d4 cxd4 16. cxd4 Qe7 17. Ng3 Qb4 18. Nh5 Qxb2 19. Nf6+ Bxf6 20. exf6 Rfe8 21. a4 e5 22. dxe5 Re6 23. Rb1 Qc3 24. Rxb7 d4 25. Rb3 Qc5 26. Rb5 Qc3 27. Nd2 d3 28. Ne4 Qd4 29. Nc5 Ree8 30. Nb7 d2 31. Rf1 Rd7 32. Nd6 Re6 33. Nf5 Qd3 34. Nxh6+ Kh7 35. Rb3 Qxb3 36. Qxb3 Kxh6 37. h4 Nxh4 38. f4 g4 39. Qd1 Kh5 40. Rf2 Nd4 41. Rxd2 Ndf3+ 42. gxf3 Rxd2 43. fxg4+ Kh6 44. g5+ Kg6 45. f5+ Kxf5 46. Qh5 Rb6 47. g6+ Ke6 48. Qg4+ Nf5 49. Qc4+ Kd7 50. e6+ fxe6 51. Qc7+ Ke8 52. Qf7+ Kd8 53. Bc7+ Kc8 54. Bxb6 1-0

[Event "Quang Ninh IM-A"]
[Site "Ha Long"]
[Date "2024.05.19"]
[Round "9"]
[White "Harshad, S."]
[Black "De Guzman, Ricardo"]
[Result "1-0"]
[WhiteElo "2247"]
[BlackElo "2282"]
[PlyCount "71"]
[EventDate "2024.05.14"]
[EventType "tourn"]
[EventRounds "9"]
[EventCountry "VIE"]
[SourceTitle "CBM 220 Extra"]
[Source "ChessBase"]
[SourceDate "2024.07.31"]
[SourceVersion "1"]
[SourceVersionDate "2024.07.31"]
[SourceQuality "1"]

1. e4 e5 2. Nf3 Nc6 3. Bb5 a6 4. Ba4 Nf6 5. d3 b5 6. Bb3 Bc5 7. c3 Bb6 8. a4 Bb7 9. axb5 axb5 10. Rxa8 Bxa8 11. 0-0 d6 12. Na3 b4 13. Nc4 Ba7 14. Ba4 0-0 15. Bg5 bxc3 16. bxc3 h6 17. Bh4 Kh7 18. Ne3 Rg8 19. Qb3 Bxe3 20. fxe3 Qe7 21. Bxf6 gxf6 22. Nh4 Nd8 23. Nf5 Qf8 24. Bd7 Nb7 25. d4 Na5 26. Qa2 Nc6 27. Ng3 Rg5 28. Rxf6 Kg7 29. Rf3 Ne7 30. Be6 f6 31. h4 Rxg3 32. Rxg3+ Kh8 33. d5 c6 34. c4 Bb7 35. c5 Qd8 36. Qa7 1-0

[Event "Quang Ninh IM-A"]
[Site "Ha Long"]
[Date "2024.05.15"]
[Round "3"]
[White "Harshad, S."]
[Black "Vrashank, Chouhan"]
[Result "1-0"]
[WhiteElo "2247"]
[BlackElo "2199"]
[PlyCount "139"]
[EventDate "2024.05.14"]
[EventType "tourn"]
[EventRounds "9"]
[EventCountry "VIE"]
[SourceTitle "CBM 220 Extra"]
[Source "ChessBase"]
[SourceDate "2024.07.31"]
[SourceVersion "1"]
[SourceVersionDate "2024.07.31"]
[SourceQuality "1"]

1. e4 e6 2. d4 d5 3. e5 c5 4. c3 Nc6 5. Nf3 Bd7 6. Be2 f6 7. 0-0 fxe5 8. Nxe5 Nxe5 9. dxe5 Qc7 10. Re1 0-0-0 11. Bf1 Ne7 12. a4 Nc6 13. Na3 a6 14. Be3 Nxe5 15. Nb5 axb5 16. axb5 Nc6 17. bxc6 Bxc6 18. Bg5 Be7 19. Ra8+ Kd7 20. Qg4 Rxa8 21. Qxe6+ Ke8 22. Bxe7 Qd7 23. Qe5 Kf7 24. Qf4+ Kg8 25. Bxc5 Qf7 26. Qg3 Re8 27. Rxe8+ Qxe8 28. Bd4 Qe7 29. Qb8+ Qf8 30. Qe5 h5 31. b4 Qf7 32. Qb8+ Qe8 33. Qg3 Qf7 34. Qb8+ Qe8 35. Qg3 Qf7 36. h4 Rh6 37. Be2 Bd7 38. Bf3 Bg4 39. Bxg4 hxg4 40. Qxg4 Rg6 41. Qe2 Re6 42. Qg4 Rg6 43. Qc8+ Kh7 44. Qh3 Qf4 45. g3 Qf3 46. Qg2 Qf5 47. Kh2 Ra6 48. Qh3 Qe4 49. Qd7 Rg6 50. Qxb7 Rg4 51. Qd7 Qf3 52. Be3 Rc4 53. b5 Qf6 54. Qxd5 Qxc3 55. b6 Qb3 56. Qh5+ Kg8 57. Qg6 Ra4 58. Bh6 Qf7 59. Qxf7+ Kxf7 60. Be3 Ke6 61. Kg2 Kf5 62. Bc5 Ra5 63. Bd4 g6 64. Kf3 Ra3+ 65. Be3 Ra4 66. Bc5 Rc4 67. g4+ Ke5 68. b7 Rc3+ 69. Be3 Rb3 70. b8Q+ 1-0

[Event "Asia-ch U18"]
[Site "Al Ain"]
[Date "2023.12.21"]
[Round "9"]
[White "Harshad, S."]
[Black "Budhidharma, Nayaka"]
[Result "1/2-1/2"]
[WhiteElo "2249"]
[BlackElo "2166"]
[PlyCount "160"]
[EventDate "2023.12.14"]
[EventType "swiss"]
[EventRounds "9"]
[EventCountry "UAE"]
[SourceTitle "EXT 2025"]
[Source "ChessBase"]
[SourceDate "2024.10.14"]
[SourceVersion "1"]
[SourceVersionDate "2024.10.14"]
[SourceQuality "1"]

1. e4 c5 2. Nf3 d6 3. d4 cxd4 4. Nxd4 Nf6 5. Nc3 a6 6. g3 e5 7. Nb3 Be7 8. Bg5 Be6 9. Bxf6 Bxf6 10. h4 Qc7 11. Nd5 Bxd5 12. Qxd5 Nc6 13. c3 0-0 14. Bg2 Rfd8 15. 0-0 Ne7 16. Qd3 Nc8 17. a4 Nb6 18. a5 Nd7 19. Nd2 Be7 20. Rfd1 Nf6 21. Nc4 Qc6 22. Nb6 Rab8 23. Ra4 Qc5 24. Qc4 Re8 25. Bf1 Bd8 26. Nd5 Qxc4 27. Nxf6+ Bxf6 28. Rxc4 Be7 29. Bh3 Kf8 30. b4 Ra8 31. Kf1 Reb8 32. Rd5 Ke8 33. f4 f6 34. Be6 Bd8 35. Bg8 Ke7 36. Bxh7 Rc8 37. Rxc8 Rxc8 38. Rd3 exf4 39. Bf5 Rc4 40. gxf4 b6 41. axb6 Bxb6 42. Ke2 a5 43. Rg3 axb4 44. cxb4 Kf7 45. Bg6+ Ke7 46. Bf5 Kf7 47. Bg6+ Ke7 48. Rb3 d5 49. Kf3 d4 50. Kg4 Rc1 51. h5 Ke6 52. Ra3 Rb1 53. Bf5+ Ke7 54. e5 Rxb4 55. Bd3 fxe5 56. fxe5 Rb2 57. Kf4 Rh2 58. Bg6 Bc7 59. Ra7 Kd7 60. Ke4 Re2+ 61. Kxd4 Kc8 62. Ra8+ Kd7 63. Ra7 Kc8 64. Ra8+ Kd7 65. Bf5+ Ke7 66. Ra7 Kd8 67. Ra8+ Ke7 68. Ra7 Kd8 69. Ra8+ Ke7 70. e6 Re5 71. Bg6 Rxe6 72. Rg8 Kf6 73. Rf8+ Kg5 74. Rf7 Bg3 75. Kd5 Rd6+ 76. Ke4 Kh6 77. Rf3 Bh4 78. Rf8 Bf6 79. Bf7 Rd8 80. Rxd8 Bxd8 1/2-1/2

[Event "Wch U18"]
[Site "Montesilvano"]
[Date "2023.11.18"]
[Round "6"]
[White "Razafindratsima, Timothe"]
[Black "Harshad, S."]
[Result "1-0"]
[WhiteElo "2462"]
[BlackElo "2263"]
[PlyCount "55"]
[EventDate "2023.11.13"]
[EventType "swiss"]
[EventRounds "11"]
[EventCountry "ITA"]
[SourceTitle "EXT 2025"]
[Source "ChessBase"]
[SourceDate "2024.10.14"]
[SourceVersion "1"]
[SourceVersionDate "2024.10.14"]
[SourceQuality "1"]

1. e4 c5 2. Nf3 d6 3. d4 cxd4 4. Nxd4 Nf6 5. Nc3 a6 6. Bg5 e6 7. Qf3 Be7 8. 0-0-0 Qc7 9. g4 Nbd7 10. Bd2 Ne5 11. Qg2 Nc6 12. Nxc6 Qxc6 13. f4 Nd7 14. h4 b5 15. a3 Bb7 16. Rh3 0-0-0 17. Be3 Nc5 18. Bg1 Nxe4 19. Nxe4 Qxe4 20. Qf2 Kd7 21. Re3 Qc6 22. f5 Rc8 23. g5 Rhe8 24. Bh3 Bf8 25. Rde1 f6 26. fxe6+ Ke7 27. Rf1 Kd8 28. Rc3 1-0